Plus Grandes Villes de France par Lettre - L - Statistiques

Statistiques générales
  • Ce quiz a été pris 451 fois
  • Le résultat moyen est 8 sur 20
Réponses sur la Carte
Les réponses sont colorées sur une échelle allant du rouge au vert en fonction du pourcentage des utilisateurs qui les ont devinées à leur premier essai. Vous pouvez retrouver ces pourcentages ci-dessous.
 
Statistiques - réponses
Population Ville % Correct
522 250 Lyon
98%
236 710 Lille
96%
129 760 Limoges
83%
57 846 Lorient
82%
32 618 Lens
75%
49 657 Laval
63%
24 021 Laon
54%
24 557 Libourne
44%
68 009 Levallois-Perret
40%
39 641 Le {Lamentin}
25%
23 469 Les {Lilas}
25%
23 026 Lanester
22%
26 185 Lunel
22%
30 149 Liévin
19%
46 028 Livry-Gargan
16%
23 013 Loos
13%
23 291 Lormont
10%
27 121 Lambersart
9%
21 191 Lagny-sur-Marne
8%
27 999 Limeil-Brévannes
6%
Aucun quiz correspondant
Distribution des résultats
% des personnes avec chaque résultat
Percentile par nombre de réponses
Votre historique - résultats
Vous n’avez pas pris ce quiz